Bytový dom

Gespeichert in:
Bibliographische Detailangaben
1. Verfasser: Jelínek, Adam (Verfasst von)
Weitere Verfasser: Antošová, Naďa (Betreuung Doktorarbeit)
Format: Manuskript Buch
Sprache:Slowakisch
Veröffentlicht: 2025
Schlagworte:
Online-Zugang:http://is.stuba.sk/zp/portal_zp.pl?podrobnosti=174784
CRZP
Tags: Tag hinzufügen
Keine Tags, Fügen Sie das erste Tag hinzu!

MARC

LEADER 00000ntm a22000003a 4500
001 stuzp104932
003 SK-STU
005 20250724134910.6
007 ta
008 150427s2015----xo-----f-mn---000-0-slo-d
040 |a STU  |b slo 
041 0 |a slo 
100 1 |a Jelínek, Adam  |u 010270  |4 aut  |U SvF Stavebná fakulta  |T SvF Katedra technológie stavieb  |X 120309  |U V270  |Y 28  |7 120309 
242 0 1 |a Residential House  |y eng 
245 1 0 |a Bytový dom 
260 |c 2025 
650 4 |a Bytový dom  |2 slo 
650 4 |a Ležaté a stúpacie rozvody vody  |2 slo 
650 4 |a POV  |2 slo 
650 4 |a Residential building  |2 eng 
650 4 |a Horizontal and vertical water distribution  |2 eng 
650 4 |a Site management documentation (POV)  |2 eng 
700 1 |a Antošová, Naďa  |u 010270  |k Z1  |4 ths  |U SvF Stavebná fakulta  |T SvF Katedra technológie stavieb  |X 3720  |U V270  |Y 28  |7 A000003720 
856 4 |u http://is.stuba.sk/zp/portal_zp.pl?podrobnosti=174784 
856 4 |u https://opac.crzp.sk/?fn=detailBiblioForm&sid=4013D2F8FE5692F45BCC2E4F6B33  |z CRZP